Score 0/7 Timer 03:00
0 Plays Today
Question Answer Wrong Answers
The trial of this 'Maid of Orléans' begins. Only 19 years old, she would be declared guilty and burned at the stake.
1431
Jeanne d'Arc
90.9%
Marguerite Porete
1.6%
Marie Antoinette
6.1%
Marie de Medicis
1.4%
Jean-Pierre Blanchard conducts the first _____ flight in the Americas.
1793
Hot Air Balloon
88.4%
Zeppelin
7.1%
Kite
2.9%
Rotor Wing
1.3%
Mahmoud Abbas wins the election to succeed this man as President of the Palestinian National Authority.
2005
Yasser Arafat
85.9%
Abdelaziz Bouteflika
3%
Omar Razzaz
3.2%
Ali Khamenei
5.7%
Bob Denver, best known for his title role on this TV show, is born in New Rochelle, New York.
1935
Gilligan's Island
82.7%
Hogan's Heroes
9.9%
Gomer Pyle, U.S.M.C.
4.2%
Flipper
2.3%
This band releases the album 1984, featuring hit singles like 'Panama' and 'Jump'.
1984
Van Halen
81%
Def Leppard
5.9%
Quiet Riot
1.8%
Bon Jovi
9.8%
This quarterback has the final win in his career, a 20-17 playoff victory for the Miami Dolphins over the Seattle Seahawks.
2000
Dan Marino
80%
Bob Griese
5.8%
Vinny Testaverde
8.3%
Warren Moon
4.1%
Construction begins on the Aswan Dam across this river.
1960
Nile
74.9%
Yangtze
11.3%
Mekong
6.4%
Congo
6%
Remove Ads.
Support Sporcle.
Get the best of Sporcle when you Go Orange. This ad-free experience offers more features, more stats, and more fun while also helping to support Sporcle. Thank you for becoming a member.

You're not logged in!

Compare scores with friends on all Sporcle quizzes.
OR
Log In

Show Comments

Extras

Top Quizzes Today


Score Distribution

Your Account Isn't Verified!

In order to create a playlist on Sporcle, you need to verify the email address you used during registration. Go to your Sporcle Settings to finish the process.

Report this User

Report this user for behavior that violates our Community Guidelines.

Details: